000 00495nam a2200157Ia 4500
008 240126s9999 xx 000 0 und d
041 _aEnglish
082 _aLIBRARY-XII
245 0 _aMonthly Commentary on Indian Economic Condition (2005 -
260 _bIndian Institute of Public Opinion
_aNew Delhi
440 _aNULL
520 _aSubs.No : MC:8130/639
650 _aManagement, Economics
650 _aMonthly,Commentary,Economic,Condition,(2005,-,Management,Economics
942 _cJN
999 _c269118
_d269118